01021nam a2200241 i 4500001000700000003000900007005001700016008004100033080000600074100003400080245010600114250001300220260004700233300003400280490007300314500001400387595004000401700004400441830008100485852007100566999001900637952012300656173346ES-MaACL20240823133049.0091126s1958 xxk |||| | eng d a11 aWittgenstein, Ludwig.911718310aTractatus logico-philosophicus / cby Ludwig Wittgenstein ; with an introduction by Bertrand Russell. a7th imp. aLondon : bRoutledge & Kegan Paul, c1958. a207 p. : bgráf. ; c22 cm.1 aInternational library of psychology philosophy and scientific method aÍndice. a1st published in this Series: 1922.1 aRussell, Bertrand,d1872-1970 91010330 aInternational library of psychology philosophy and scientific method9223512 aES-MaACLjE-13214 . - z. - Biblioteca Jacinto Martínez Lacalle c173346d173346 00104070aATENEOMbATENEOMcDEPO2d2009-11-26eDONl0oE-13214p1181923r2023-02-23 00:00:00w2023-02-23yMONOGRAFIA